[Event "International Tournament"]
[Site "Thivon"]
[Date "2016.08.31"]
[Round "7.3"]
[White "Megalios, Konstantinos"]
[Black "Grigoriadis, Alexandros"]
[Result "0-1"]
[BlackElo "2147"]
[WhiteElo "2293"]
[LiveChessVersion "1.4.8"]

1. d4 {[%clk 1:30:24]} g6 {[%clk 1:17:27]} 2. e4 {[%clk 1:30:47]} Bg7
{[%clk 1:17:48]} 3. c4 {[%clk 1:31:08]} d6 {[%clk 1:17:29]} 4. Nc3
{[%clk 1:31:23]} Nf6 {[%clk 1:16:25]} 5. f3 {[%clk 1:31:44]} O-O {[%clk 1:16:50]}
6. Be3 {[%clk 1:32:08]} Nc6 {[%clk 1:17:02]} 7. Nge2 {[%clk 1:32:24]} a6
{[%clk 1:17:26]} 8. Qd2 {[%clk 1:32:45]} Rb8 {[%clk 1:17:46]} 9. Rc1
{[%clk 1:30:52]} e5 {[%clk 1:07:39]} 10. d5 {[%clk 1:26:58]} Na5 {[%clk 1:06:09]}
11. Nd1 {[%clk 1:08:35]} c5 {[%clk 1:00:55]} 12. Nec3 {[%clk 1:03:36]} Bd7
{[%clk 0:57:04]} 13. Bd3 {[%clk 1:03:06]} b5 {[%clk 0:54:36]} 14. b3
{[%clk 1:03:26]} bxc4 {[%clk 0:53:49]} 15. bxc4 {[%clk 1:03:42]} Rb4
{[%clk 0:52:22]} 16. Ne2 {[%clk 1:03:35]} Ne8 {[%clk 0:48:54]} 17. O-O
{[%clk 0:58:43]} f5 {[%clk 0:44:58]} 18. Qe1 {[%clk 0:51:51]} Nb7
{[%clk 0:28:13]} 19. Bd2 {[%clk 0:49:39]} fxe4 {[%clk 0:25:40]} 20. Bxe4
{[%clk 0:48:41]} Ra4 {[%clk 0:22:50]} 21. Rc2 {[%clk 0:47:26]} Nf6
{[%clk 0:19:57]} 22. Nf2 {[%clk 0:47:09]} Bf5 {[%clk 0:19:09]} 23. Qb1
{[%clk 0:43:59]} Na5 {[%clk 0:17:52]} 24. Bxf5 {[%clk 0:37:35]} gxf5
{[%clk 0:18:16]} 25. Rfc1 {[%clk 0:36:51]} Qc7 {[%clk 0:16:38]} 26. g4
{[%clk 0:24:22]} fxg4 {[%clk 0:12:20]} 27. fxg4 {[%clk 0:24:45]} Rb8
{[%clk 0:12:02]} 28. Bxa5 {[%clk 0:24:38]} Rxa5 {[%clk 0:12:09]} 29. Rb2
{[%clk 0:24:58]} Rxb2 {[%clk 0:10:38]} 30. Qxb2 {[%clk 0:25:26]} e4
{[%clk 0:06:35]} 31. Qb3 {[%clk 0:24:50]} Qe7 {[%clk 0:05:24]} 32. Rf1
{[%clk 0:20:45]} e3 {[%clk 0:03:26]} 33. Nd3 {[%clk 0:20:09]} Nxg4
{[%clk 0:02:54]} 34. Rf3 {[%clk 0:14:55]} h5 {[%clk 0:02:46]} 35. Rf5
{[%clk 0:10:42]} Nf6 {[%clk 0:01:41]} 36. Ndf4 {[%clk 0:10:13]} Qe4
{[%clk 0:01:46]} 37. Ng3 {[%clk 0:09:05]} Qd4 {[%clk 0:01:53]} 38. Nfe2
{[%clk 0:03:27]} Qa1+ {[%clk 0:02:07]} 39. Rf1 Qxa2 {[%clk 0:02:12]} 40. Qxe3
{[%clk 0:18:45]} Qb2 {[%clk 0:16:19]} 41. Qe6+ {[%clk 0:17:22]} Kh7
{[%clk 0:12:37]} 42. Qf5+ {[%clk 0:16:51]} Kg8 {[%clk 0:12:26]} 43. Qe6+
{[%clk 0:09:42]} Kh7 {[%clk 0:12:31]} 44. Qf5+ {[%clk 0:10:09]} Kg8
{[%clk 0:12:52]} 45. Qg6 {[%clk 0:09:40]} Qe5 {[%clk 0:07:50]} 46. Nf4
{[%clk 0:04:03]} Ra1 {[%clk 0:04:05]} 47. Ne6 {[%clk 0:02:15]} Rxf1+
{[%clk 0:03:43]} 48. Kxf1 {[%clk 0:01:49]} Ng4 {[%clk 0:01:46]} 49. Nxh5
{[%clk 0:01:29]} Ne3+ {[%clk 0:01:34]} 50. Kg1 {[%clk 0:01:14]} Nf5
{[%clk 0:01:41]} 51. Nexg7 {[%clk 0:01:16]} Qe1+ {[%clk 0:01:46]} 52. Kg2
{[%clk 0:01:41]} Nh4+ {[%clk 0:02:13]} 53. Kh3 {[%clk 0:02:02]} Nxg6
{[%clk 0:02:36]} 0-1

[Event "International Tournament"]
[Site "Thivon"]
[Date "2016.08.31"]
[Round "7.4"]
[White "Pavlidis, Anastasios"]
[Black "Gogolis, Alexandros"]
[Result "1-0"]
[BlackElo "2207"]
[WhiteElo "2377"]
[LiveChessVersion "1.4.8"]

1. e4 {[%clk 1:30:41]} d5 {[%clk 1:15:44]} 2. exd5 {[%clk 1:30:58]} Qxd5
{[%clk 1:15:57]} 3. Nc3 {[%clk 1:31:19]} Qa5 {[%clk 1:16:06]} 4. d4
{[%clk 1:31:31]} Nf6 {[%clk 1:16:20]} 5. Nf3 {[%clk 1:31:48]} Bf5
{[%clk 1:15:42]} 6. Bc4 {[%clk 1:31:59]} e6 {[%clk 1:14:53]} 7. Bd2
{[%clk 1:32:18]} Bb4 {[%clk 1:13:24]} 8. a3 {[%clk 1:32:20]} Bxc3
{[%clk 1:13:11]} 9. Bxc3 {[%clk 1:32:40]} Qb6 {[%clk 1:13:25]} 10. d5
{[%clk 1:32:59]} exd5 {[%clk 1:09:52]} 11. Bxd5 {[%clk 1:33:18]} O-O
{[%clk 1:09:34]} 12. Bxf6 {[%clk 1:33:24]} gxf6 {[%clk 1:09:52]} 13. O-O
{[%clk 1:33:25]} Nc6 {[%clk 1:06:05]} 14. Bxc6 {[%clk 1:18:46]} Rad8
{[%clk 1:04:35]} 15. Bd5 {[%clk 1:19:01]} c6 {[%clk 1:03:35]} 16. Bxf7+
{[%clk 1:11:30]} Rxf7 {[%clk 1:03:12]} 17. Qc1 {[%clk 1:11:16]} Be4
{[%clk 1:02:31]} 18. Nh4 {[%clk 1:10:41]} Rg7 {[%clk 0:35:05]} 19. Qf4
{[%clk 0:50:01]} f5 {[%clk 0:20:30]} 20. g3 {[%clk 0:42:38]} Rg4 {[%clk 0:13:43]}
21. Qe5 {[%clk 0:41:52]} Rg7 {[%clk 0:02:12]} 22. Rad1 {[%clk 0:30:10]} Rf8
{[%clk 0:02:30]} 23. c4 {[%clk 0:30:03]} Qb3 {[%clk 0:02:16]} 24. Rd4
{[%clk 0:22:03]} c5 {[%clk 0:02:08]} 25. Rxe4 {[%clk 0:20:46]} fxe4
{[%clk 0:02:23]} 26. Nf5 {[%clk 0:21:06]} Rxf5 {[%clk 0:01:40]} 27. Qxf5
{[%clk 0:21:28]} Qxc4 {[%clk 0:01:07]} 28. Rd1 {[%clk 0:21:29]} Rc7
{[%clk 0:00:34]} 29. Rd8+ {[%clk 0:21:36]} 1-0

[Event "International Tournament"]
[Site "Thivon"]
[Date "2016.08.31"]
[Round "7.5"]
[White "Papadopoulos, Georgios"]
[Black "Kourkoulos-Arditis, Stamatis"]
[Result "0-1"]
[BlackElo "2369"]
[WhiteElo "2169"]
[LiveChessVersion "1.4.8"]

1. d4 {[%clk 1:30:57]} e6 {[%clk 1:30:55]} 2. Nf3 {[%clk 1:31:10]} c5
{[%clk 1:31:19]} 3. e3 {[%clk 1:29:28]} b6 {[%clk 1:31:11]} 4. c4
{[%clk 1:29:05]} cxd4 {[%clk 1:23:24]} 5. exd4 {[%clk 1:28:47]} Nf6
{[%clk 1:23:28]} 6. Nc3 {[%clk 1:26:49]} Bb7 {[%clk 1:19:41]} 7. Be2
{[%clk 1:15:14]} d6 {[%clk 1:19:40]} 8. O-O {[%clk 1:13:22]} Be7 {[%clk 1:19:55]}
9. h3 {[%clk 1:08:22]} O-O {[%clk 1:20:14]} 10. Bf4 {[%clk 1:07:52]} Nbd7
{[%clk 1:10:37]} 11. Re1 {[%clk 1:05:06]} Re8 {[%clk 1:09:36]} 12. Bh2
{[%clk 1:00:51]} Nf8 {[%clk 1:07:58]} 13. b4 {[%clk 0:55:13]} Rc8
{[%clk 1:06:05]} 14. Qb3 {[%clk 0:53:47]} Ng6 {[%clk 1:01:04]} 15. Rad1
{[%clk 0:47:35]} a6 {[%clk 0:56:20]} 16. d5 {[%clk 0:32:50]} exd5
{[%clk 0:53:22]} 17. cxd5 {[%clk 0:31:31]} Qc7 {[%clk 0:53:22]} 18. Rc1
{[%clk 0:30:34]} Bf8 {[%clk 0:52:50]} 19. Red1 {[%clk 0:23:57]} Ne4
{[%clk 0:44:51]} 20. Nxe4 {[%clk 0:20:24]} Qxc1 {[%clk 0:43:04]} 21. Rxc1
{[%clk 0:19:29]} Rxc1+ {[%clk 0:43:28]} 22. Bf1 {[%clk 0:19:58]} Rxe4
{[%clk 0:43:50]} 23. Qb2 {[%clk 0:09:40]} Rec4 {[%clk 0:39:50]} 24. Qd2
{[%clk 0:08:56]} Ra1 {[%clk 0:36:42]} 25. Qg5 {[%clk 0:06:27]} Rcc1
{[%clk 0:36:05]} 26. Nd2 {[%clk 0:06:33]} Be7 {[%clk 0:34:34]} 27. Qf5
{[%clk 0:06:44]} h6 {[%clk 0:32:20]} 28. Qd7 {[%clk 0:06:02]} Bxd5
{[%clk 0:32:30]} 29. Bxd6 {[%clk 0:06:12]} Bxd6 {[%clk 0:29:13]} 30. Qxd6
{[%clk 0:06:34]} Bxa2 {[%clk 0:28:11]} 31. Qxb6 {[%clk 0:04:29]} Rxf1+
{[%clk 0:28:25]} 32. Nxf1 {[%clk 0:04:52]} Bc4 {[%clk 0:28:52]} 33. Qd4
{[%clk 0:03:19]} Rxf1+ {[%clk 0:29:14]} 34. Kh2 {[%clk 0:03:47]} Bb5
{[%clk 0:29:30]} 35. h4 {[%clk 0:03:30]} Rc1 {[%clk 0:29:19]} 36. Qd8+
{[%clk 0:02:52]} Nf8 {[%clk 0:29:16]} 37. Qe7 {[%clk 0:02:23]} Ne6
{[%clk 0:28:52]} 38. h5 {[%clk 0:00:35]} Rc4 {[%clk 0:29:02]} 39. g3
{[%clk 0:00:37]} Rc2 {[%clk 0:29:19]} 40. Qa7 {[%clk 0:15:55]} Ng5
{[%clk 0:39:41]} 41. Qb8+ {[%clk 0:13:46]} Kh7 {[%clk 0:39:56]} 42. Qf4
{[%clk 0:14:15]} Bd3 {[%clk 0:40:07]} 0-1

[Event "International Tournament"]
[Site "Thivon"]
[Date "2016.08.31"]
[Round "7.6"]
[White "Loutragotis, Dimitrios"]
[Black "Hristodoulou, Panagiotis"]
[Result "0-1"]
[BlackElo "2283"]
[WhiteElo "2157"]
[LiveChessVersion "1.4.8"]

1. e4 {[%clk 1:30:56]} e6 {[%clk 1:26:53]} 2. d4 {[%clk 1:31:20]} d5
{[%clk 1:27:13]} 3. Nc3 {[%clk 1:31:29]} Nf6 {[%clk 1:27:36]} 4. e5
{[%clk 1:31:18]} Nfd7 {[%clk 1:28:01]} 5. f4 {[%clk 1:31:23]} c5 {[%clk 1:28:22]}
6. Nf3 {[%clk 1:31:17]} Be7 {[%clk 1:28:45]} 7. Be3 {[%clk 1:25:47]} O-O
{[%clk 1:29:06]} 8. Qd2 {[%clk 1:24:27]} b6 {[%clk 1:29:26]} 9. O-O-O
{[%clk 1:23:06]} Nc6 {[%clk 1:29:42]} 10. h4 {[%clk 1:07:32]} c4 {[%clk 1:29:47]}
11. f5 {[%clk 1:03:46]} b5 {[%clk 1:29:57]} 12. f6 {[%clk 0:36:28]} gxf6
{[%clk 1:30:12]} 13. Bh6 {[%clk 0:36:51]} b4 {[%clk 1:24:28]} 14. Ne2
{[%clk 0:29:44]} Kh8 {[%clk 1:23:30]} 15. Bxf8 {[%clk 0:28:41]} Qxf8
{[%clk 1:23:45]} 16. Nf4 {[%clk 0:25:20]} Rb8 {[%clk 1:14:42]} 17. g4
{[%clk 0:24:54]} fxe5 {[%clk 0:58:25]} 18. dxe5 {[%clk 0:24:51]} Nc5
{[%clk 0:58:39]} 19. Nh5 {[%clk 0:18:51]} b3 {[%clk 0:48:47]} 20. axb3
{[%clk 0:18:46]} Nb4 {[%clk 0:46:02]} 21. Qf4 {[%clk 0:17:26]} Ne4
{[%clk 0:46:12]} 22. Ng5 {[%clk 0:08:51]} Bxg5 {[%clk 0:24:31]} 23. hxg5
{[%clk 0:09:09]} cxb3 {[%clk 0:24:57]} 24. c4 {[%clk 0:02:27]} Na2+
{[%clk 0:21:01]} 25. Kb1 {[%clk 0:02:56]} Nac3+ {[%clk 0:21:23]} 26. Kc1
{[%clk 0:03:22]} Qa3 {[%clk 0:21:23]} 27. Qxe4 {[%clk 0:00:35]} Qa1+
{[%clk 0:21:14]} 28. Kd2 {[%clk 0:01:00]} Qxd1+ {[%clk 0:21:39]} 29. Kxc3
{[%clk 0:01:21]} d4+ {[%clk 0:22:07]} 30. Qxd4 {[%clk 0:01:30]} Qc2# 0-1

[Event "International Tournament"]
[Site "Thivon"]
[Date "2016.08.31"]
[Round "7.7"]
[White "Drakoulakos, Grigorios"]
[Black "Karagiannis, Athanasios"]
[Result "1-0"]
[BlackElo "2230"]
[WhiteElo "2195"]
[LiveChessVersion "1.4.8"]

1. e4 {[%clk 1:28:53]} g6 {[%clk 1:30:54]} 2. d4 {[%clk 1:27:54]} Bg7
{[%clk 1:31:22]} 3. Nc3 {[%clk 1:27:30]} d6 {[%clk 1:31:46]} 4. Be3
{[%clk 1:26:49]} a6 {[%clk 1:28:18]} 5. f3 {[%clk 1:25:57]} Nc6 {[%clk 1:27:56]}
6. Qd2 {[%clk 1:26:02]} e5 {[%clk 1:28:19]} 7. Nge2 {[%clk 1:26:05]} exd4
{[%clk 1:28:27]} 8. Nxd4 {[%clk 1:26:23]} Nxd4 {[%clk 1:28:44]} 9. Bxd4
{[%clk 1:26:47]} Bxd4 {[%clk 1:28:59]} 10. Qxd4 {[%clk 1:27:12]} Qf6
{[%clk 1:29:26]} 11. Qd2 {[%clk 1:25:50]} Be6 {[%clk 1:29:13]} 12. Be2
{[%clk 1:18:33]} Ne7 {[%clk 1:23:19]} 13. O-O {[%clk 1:17:35]} Nc6
{[%clk 1:17:28]} 14. Rad1 {[%clk 1:17:04]} g5 {[%clk 1:17:29]} 15. b4
{[%clk 1:01:51]} Ne5 {[%clk 1:10:00]} 16. a4 {[%clk 0:58:17]} O-O
{[%clk 1:09:45]} 17. Kh1 {[%clk 0:57:08]} Kh8 {[%clk 1:08:05]} 18. g3
{[%clk 0:54:38]} Rg8 {[%clk 1:05:14]} 19. Qd4 {[%clk 0:44:44]} Nd7
{[%clk 1:00:03]} 20. Qe3 {[%clk 0:43:52]} Rae8 {[%clk 1:00:31]} 21. f4
{[%clk 0:40:43]} gxf4 {[%clk 0:56:57]} 22. gxf4 {[%clk 0:39:30]} Qh6
{[%clk 0:55:38]} 23. Rg1 {[%clk 0:32:48]} f5 {[%clk 0:53:44]} 24. Qd4+
{[%clk 0:28:08]} Qf6 {[%clk 0:50:59]} 25. Rxg8+ {[%clk 0:25:41]} Rxg8
{[%clk 0:48:30]} 26. Bf3 {[%clk 0:25:55]} Qxd4 {[%clk 0:47:39]} 27. Rxd4
{[%clk 0:24:21]} b6 {[%clk 0:47:59]} 28. exf5 {[%clk 0:22:53]} Bxf5
{[%clk 0:48:02]} 29. Nd5 {[%clk 0:22:58]} c5 {[%clk 0:47:13]} 30. Rd2
{[%clk 0:21:23]} Re8 {[%clk 0:45:55]} 31. Kg2 {[%clk 0:20:00]} cxb4
{[%clk 0:44:36]} 32. Nxb4 {[%clk 0:18:59]} a5 {[%clk 0:44:43]} 33. Nd5
{[%clk 0:16:42]} Re6 {[%clk 0:40:20]} 34. Kf2 {[%clk 0:16:24]} Rh6
{[%clk 0:40:48]} 35. Ne3 {[%clk 0:14:44]} Rxh2+ {[%clk 0:20:22]} 36. Bg2
{[%clk 0:13:53]} Rh5 {[%clk 0:19:58]} 37. Rxd6 {[%clk 0:11:37]} Nc5
{[%clk 0:20:11]} 38. Rxb6 {[%clk 0:09:41]} Bd7 {[%clk 0:20:20]} 39. Rb8+
{[%clk 0:07:31]} Kg7 {[%clk 0:20:46]} 40. Ra8 {[%clk 0:22:44]} Bxa4
{[%clk 0:32:17]} 41. Bf3 {[%clk 0:21:53]} Rh2+ {[%clk 0:24:03]} 42. Kg3
{[%clk 0:21:41]} Rxc2 {[%clk 0:19:07]} 43. Nxc2 {[%clk 0:21:10]} Bxc2
{[%clk 0:16:14]} 44. Rxa5 {[%clk 0:18:28]} Ne6 {[%clk 0:15:08]} 45. Bg4
{[%clk 0:16:21]} Nf8 {[%clk 0:12:48]} 46. f5 {[%clk 0:15:14]} h6 {[%clk 0:07:30]}
47. Kf4 {[%clk 0:14:28]} Bb3 {[%clk 0:07:11]} 48. Bh5 {[%clk 0:13:24]} Nh7
{[%clk 0:06:37]} 49. Ra7+ {[%clk 0:12:57]} Kg8 {[%clk 0:06:40]} 50. Ra6
{[%clk 0:13:09]} Bf7 {[%clk 0:05:27]} 51. Bxf7+ {[%clk 0:08:57]} Kxf7
{[%clk 0:05:09]} 52. Rxh6 {[%clk 0:08:38]} Nf6 {[%clk 0:05:33]} 53. Rg6
{[%clk 0:08:16]} Nd5+ {[%clk 0:05:50]} 54. Kg5 {[%clk 0:08:38]} Nc3
{[%clk 0:05:58]} 55. Rc6 {[%clk 0:08:19]} Ne4+ {[%clk 0:06:23]} 56. Kf4
{[%clk 0:08:37]} Nf6 {[%clk 0:06:47]} 57. Rc7+ {[%clk 0:09:00]} Kf8
{[%clk 0:07:12]} 58. Kg5 {[%clk 0:09:11]} Nd5 {[%clk 0:07:33]} 59. Rd7
{[%clk 0:08:56]} Nb6 {[%clk 0:07:16]} 60. Rb7 {[%clk 0:08:12]} Nd5
{[%clk 0:07:28]} 61. Kg6 {[%clk 0:08:11]} Nf4+ {[%clk 0:06:53]} 62. Kf6
{[%clk 0:08:34]} Nd5+ {[%clk 0:07:08]} 63. Ke5 {[%clk 0:08:50]} Ne7
{[%clk 0:07:05]} 64. Ke6 {[%clk 0:09:07]} Nc6 {[%clk 0:07:30]} 65. Kf6
{[%clk 0:08:48]} Kg8 {[%clk 0:07:27]} 66. Rc7 {[%clk 0:08:36]} Nd4
{[%clk 0:07:44]} 67. Kg6 {[%clk 0:08:50]} Kf8 {[%clk 0:08:04]} 68. Rc8+
{[%clk 0:09:11]} Ke7 {[%clk 0:08:29]} 69. f6+ {[%clk 0:09:29]} Kd7
{[%clk 0:08:58]} 70. Ra8 {[%clk 0:09:39]} 1-0

[Event "International Tournament"]
[Site "Thivon"]
[Date "2016.08.31"]
[Round "7.8"]
[White "Simeonidis, Ioannis"]
[Black "Androutsopoulos-Agiotatos, Vas"]
[Result "1/2-1/2"]
[BlackElo "1927"]
[WhiteElo "2226"]
[LiveChessVersion "1.4.8"]

1. Nf3 {[%clk 1:30:55]} Nf6 {[%clk 1:30:50]} 2. c4 {[%clk 1:31:19]} g6
{[%clk 1:31:13]} 3. Nc3 {[%clk 1:31:42]} Bg7 {[%clk 1:31:39]} 4. e4
{[%clk 1:32:08]} d6 {[%clk 1:32:06]} 5. d4 {[%clk 1:32:33]} O-O {[%clk 1:32:30]}
6. Be2 {[%clk 1:32:40]} e5 {[%clk 1:32:56]} 7. d5 {[%clk 1:33:03]} a5
{[%clk 1:33:18]} 8. Be3 {[%clk 1:33:04]} Na6 {[%clk 1:29:59]} 9. a3
{[%clk 1:28:30]} Bd7 {[%clk 1:17:23]} 10. Nd2 {[%clk 1:23:23]} c6
{[%clk 0:59:13]} 11. Rb1 {[%clk 1:20:02]} cxd5 {[%clk 0:48:30]} 12. cxd5
{[%clk 1:20:11]} Nc5 {[%clk 0:45:18]} 13. b3 {[%clk 1:11:19]} Nh5
{[%clk 0:39:18]} 14. Bxc5 {[%clk 1:04:13]} Nf4 {[%clk 0:37:19]} 15. Bf1
{[%clk 0:46:37]} 1/2-1/2

[Event "International Tournament"]
[Site "Thivon"]
[Date "2016.08.31"]
[Round "7.9"]
[White "Katopodis, Dimitrios"]
[Black "Nikolaou, Georgios"]
[Result "1/2-1/2"]
[BlackElo "2225"]
[WhiteElo "2126"]
[LiveChessVersion "1.4.8"]

1. d4 {[%clk 1:30:57]} Nf6 {[%clk 1:30:47]} 2. Nf3 {[%clk 1:31:08]} e6
{[%clk 1:31:04]} 3. c4 {[%clk 1:31:02]} d5 {[%clk 1:30:36]} 4. g3
{[%clk 1:31:03]} Be7 {[%clk 1:30:53]} 5. Bg2 {[%clk 1:31:14]} O-O
{[%clk 1:31:15]} 6. O-O {[%clk 1:31:31]} dxc4 {[%clk 1:31:31]} 7. Ne5
{[%clk 1:31:30]} c5 {[%clk 1:25:10]} 8. dxc5 {[%clk 1:26:02]} Qc7
{[%clk 1:17:19]} 9. Nxc4 {[%clk 1:22:20]} Qxc5 {[%clk 1:16:57]} 10. b3
{[%clk 1:18:02]} Rd8 {[%clk 1:15:00]} 11. Nbd2 {[%clk 1:15:05]} Qh5
{[%clk 1:08:47]} 12. e3 {[%clk 1:10:48]} Qxd1 {[%clk 1:03:11]} 13. Rxd1
{[%clk 1:10:17]} Nc6 {[%clk 1:03:30]} 14. Bb2 {[%clk 1:07:18]} Bd7
{[%clk 1:00:51]} 15. Nf3 {[%clk 1:00:54]} Be8 {[%clk 1:00:11]} 16. Nfe5 Nd5
{[%clk 0:52:21]} 17. Nxc6 {[%clk 0:54:20]} bxc6 {[%clk 0:51:31]} 18. Rac1
{[%clk 0:44:36]} a5 {[%clk 0:38:51]} 19. Ne5 {[%clk 0:39:02]} Bf6
{[%clk 0:30:46]} 20. Bd4 {[%clk 0:35:00]} Nb4 {[%clk 0:27:33]} 21. Be4
{[%clk 0:22:42]} Nxa2 {[%clk 0:25:44]} 22. Ra1 {[%clk 0:22:04]} Nb4
{[%clk 0:18:43]} 23. Kf1 {[%clk 0:14:07]} Nd5 {[%clk 0:07:20]} 24. Rdc1
{[%clk 0:13:56]} Rab8 {[%clk 0:04:23]} 25. Ra3 {[%clk 0:08:30]} Rb4
{[%clk 0:04:21]} 26. Nxc6 {[%clk 0:07:14]} Bxc6 {[%clk 0:04:39]} 27. Rxc6
{[%clk 0:07:31]} Bxd4 {[%clk 0:04:39]} 28. Bxd5 {[%clk 0:06:33]} Bb2
{[%clk 0:03:42]} 29. Ra2 {[%clk 0:06:12]} exd5 {[%clk 0:04:10]} 30. Rxb2
{[%clk 0:06:24]} a4 {[%clk 0:04:29]} 31. Rbc2 {[%clk 0:03:53]} axb3
{[%clk 0:03:22]} 32. Rc8 {[%clk 0:04:12]} Rf8 {[%clk 0:02:33]} 33. Rxf8+
{[%clk 0:04:34]} Kxf8 {[%clk 0:03:02]} 34. Rb2 {[%clk 0:05:00]} Ke7
{[%clk 0:03:08]} 35. Ke2 {[%clk 0:04:59]} Kd6 {[%clk 0:03:07]} 36. Kd3
{[%clk 0:04:29]} Kc5 {[%clk 0:01:48]} 37. Kc3 {[%clk 0:02:51]} Rc4+
{[%clk 0:02:14]} 38. Kxb3 {[%clk 0:02:12]} Rb4+ {[%clk 0:02:42]} 39. Kc3
{[%clk 0:02:23]} Rxb2 {[%clk 0:03:04]} 40. Kxb2 {[%clk 0:17:37]} d4
{[%clk 0:17:21]} 41. Kc2 {[%clk 0:10:53]} dxe3 {[%clk 0:13:44]} 42. fxe3
{[%clk 0:11:05]} Kd5 {[%clk 0:13:35]} 43. Kd3 {[%clk 0:11:12]} f5
{[%clk 0:13:29]} 44. h3 {[%clk 0:11:22]} Ke5 {[%clk 0:06:14]} 45. g4
{[%clk 0:11:24]} f4 {[%clk 0:03:08]} 46. Ke2 {[%clk 0:11:33]} Ke4
{[%clk 0:02:17]} 47. exf4 {[%clk 0:11:48]} Kxf4 {[%clk 0:02:45]} 48. Kf2
{[%clk 0:11:57]} g5 {[%clk 0:02:16]} 49. Kg2 {[%clk 0:12:17]} Ke5 1/2-1/2

[Event "International Tournament"]
[Site "Thivon"]
[Date "2016.08.31"]
[Round "7.10"]
[White "Kotronias, Vasilios"]
[Black "Sandalakis, Nikolaos"]
[Result "0-1"]
[BlackElo "2099"]
[WhiteElo "2541"]
[LiveChessVersion "1.4.8"]

1. e4 {[%clk 1:30:57]} e5 {[%clk 1:30:47]} 2. Nf3 {[%clk 1:31:17]} Nc6
{[%clk 1:31:06]} 3. Bb5 {[%clk 1:31:39]} a6 {[%clk 1:31:27]} 4. Ba4
{[%clk 1:32:02]} Nf6 {[%clk 1:31:46]} 5. O-O {[%clk 1:32:26]} Nxe4
{[%clk 1:32:01]} 6. d4 {[%clk 1:32:35]} b5 {[%clk 1:32:19]} 7. Bb3
{[%clk 1:32:59]} d5 {[%clk 1:32:43]} 8. dxe5 {[%clk 1:33:25]} Be6
{[%clk 1:32:56]} 9. Be3 {[%clk 1:33:47]} Be7 {[%clk 1:32:57]} 10. c3
{[%clk 1:33:56]} Nc5 {[%clk 1:33:19]} 11. Bc2 {[%clk 1:34:16]} Nd7
{[%clk 1:33:36]} 12. Re1 {[%clk 1:34:37]} Ndxe5 {[%clk 1:32:23]} 13. Nxe5
{[%clk 1:34:59]} Nxe5 {[%clk 1:32:51]} 14. Bd4 {[%clk 1:34:53]} Ng6
{[%clk 1:32:38]} 15. Bxg7 {[%clk 1:34:59]} Rg8 {[%clk 1:33:03]} 16. Bxg6
{[%clk 1:35:05]} Rxg7 {[%clk 1:33:19]} 17. Rxe6 {[%clk 1:35:29]} hxg6
{[%clk 1:33:41]} 18. Re2 {[%clk 1:35:26]} Kf8 {[%clk 1:32:32]} 19. Qd3
{[%clk 1:31:57]} Rh7 {[%clk 1:25:58]} 20. Nd2 {[%clk 1:31:25]} Bf6
{[%clk 1:20:44]} 21. Nf3 {[%clk 1:30:30]} c6 {[%clk 1:15:18]} 22. a4
{[%clk 1:30:11]} Kg7 {[%clk 1:14:25]} 23. Kh1 {[%clk 1:06:30]} Rh8
{[%clk 1:11:08]} 24. g4 {[%clk 1:05:28]} Qd6 {[%clk 0:48:40]} 25. Rg1
{[%clk 1:05:47]} Qf4 {[%clk 0:44:14]} 26. g5 {[%clk 1:05:18]} Bd8
{[%clk 0:43:53]} 27. Qd4+ {[%clk 1:05:43]} Qxd4 {[%clk 0:44:15]} 28. cxd4
{[%clk 1:06:10]} Bc7 {[%clk 0:30:18]} 29. Rc1 {[%clk 1:05:50]} Bf4
{[%clk 0:29:57]} 30. Rxc6 {[%clk 1:06:13]} bxa4 {[%clk 0:30:22]} 31. Kg2
{[%clk 1:00:18]} Rhc8 {[%clk 0:27:47]} 32. Rec2 {[%clk 0:50:35]} Rxc6
{[%clk 0:28:02]} 33. Rxc6 {[%clk 0:51:00]} Rb8 {[%clk 0:26:30]} 34. Rxa6
{[%clk 0:51:11]} Rb4 {[%clk 0:18:21]} 35. Ra7 {[%clk 0:49:07]} Kg8
{[%clk 0:11:58]} 36. h4 {[%clk 0:49:27]} Bc1 {[%clk 0:11:01]} 37. Ne5
{[%clk 0:48:12]} Rxd4 {[%clk 0:05:45]} 38. Kh3 {[%clk 0:40:26]} Bxb2
{[%clk 0:01:52]} 39. Nxf7 {[%clk 0:40:31]} Rf4 {[%clk 0:00:40]} 40. Nh6+
{[%clk 0:55:44]} Kf8 {[%clk 0:15:56]} 41. Ng4 {[%clk 0:52:39]} a3
{[%clk 0:13:04]} 42. Kg3 {[%clk 0:52:13]} Rc4 {[%clk 0:10:38]} 43. f3
{[%clk 0:43:56]} Rc2 {[%clk 0:08:23]} 44. Ra6 {[%clk 0:42:57]} Kg7
{[%clk 0:04:27]} 45. Kf4 {[%clk 0:33:25]} a2 {[%clk 0:03:42]} 46. Ra7+
{[%clk 0:29:24]} Kf8 {[%clk 0:03:37]} 47. Ra8+ {[%clk 0:29:08]} Ke7
{[%clk 0:03:49]} 48. Ra7+ {[%clk 0:28:05]} Kd8 {[%clk 0:02:42]} 49. Ra8+
{[%clk 0:28:18]} Kc7 {[%clk 0:03:00]} 50. Ra7+ {[%clk 0:28:36]} Kb6
{[%clk 0:03:00]} 51. Rxa2 {[%clk 0:29:00]} Bc1+ {[%clk 0:03:22]} 52. Ke5
{[%clk 0:29:26]} Rxa2 {[%clk 0:03:44]} 53. Kxd5 {[%clk 0:29:51]} Kc7
{[%clk 0:01:09]} 54. Ke6 {[%clk 0:30:16]} Ra6+ {[%clk 0:01:01]} 55. Kf7
{[%clk 0:30:39]} Bb2 {[%clk 0:00:49]} 56. Nf6 {[%clk 0:30:47]} Bxf6
{[%clk 0:00:45]} 57. gxf6 {[%clk 0:31:13]} Kd6 {[%clk 0:00:40]} 58. Kxg6
{[%clk 0:21:38]} Ke6 {[%clk 0:01:06]} 59. f4 {[%clk 0:21:17]} Ra5
{[%clk 0:01:15]} 60. h5 {[%clk 0:21:18]} Rf5 {[%clk 0:01:35]} 61. h6
{[%clk 0:21:31]} Rxf6+ {[%clk 0:02:01]} 62. Kg7 {[%clk 0:21:56]} Rf7+
{[%clk 0:00:52]} 63. Kg6 {[%clk 0:21:00]} Rxf4 {[%clk 0:01:12]} 64. Kg7
{[%clk 0:20:39]} Rg4+ {[%clk 0:01:07]} 65. Kf8 {[%clk 0:19:54]} Rh4
{[%clk 0:01:20]} 66. Kg7 {[%clk 0:20:19]} Rg4+ {[%clk 0:01:47]} 67. Kf8
{[%clk 0:20:46]} Rf4+ {[%clk 0:00:53]} 68. Kg7 {[%clk 0:20:25]} Rf7+
{[%clk 0:01:06]} 69. Kg8 {[%clk 0:20:40]} Kf6 {[%clk 0:01:10]} 0-1